Sports Quiz

Random Sports or Soccer Quiz

Boca Juniors Squad 2014 Quiz Stats

 Plays Quiz not verified by Sporcle

Challenge
Share
Tweet
Embed
Score 0/32 Timer 10:00
0 Plays Today
Hint Answer % Correct
ARQAgustin Orion
93.3%
MEDJuan 'Roman' Riquelme
82.7%
DEFDaniel 'Cata' Diaz
80%
MEDFernando Gago
76%
DELEmanuel Gigliotti
76%
DELJuan Manuel Martinez
65.3%
MEDCristian Erbes
64%
ARQEmanuel Tripodi
61.3%
DEFDaniel 'Chiqui' Perez
60%
DEFLeandro Marin
57.3%
ARQSebastian D'angelo
56%
MEDNicolas Colazo
53.3%
DEFEmanuel Insua
52%
MEDPablo Ledesma
52%
MEDLuciano Acosta
52%
DELJoel Acosta
52%
Hint Answer % Correct
MEDJuan Sanchez Miño
50.7%
DEFJoel Rodriguez
45.3%
DEFJuan Forlin
44%
DEFNahuel Zarate
40%
DEFHernan Grana
38.7%
MEDFederico Bravo
33.3%
ARQManuel Vicentini
28%
MEDDiego Rivero
28%
DELClaudio Riaño
26.7%
MEDGuillermo Fernandez
22.7%
MEDDiego Perotti
18.7%
MEDGonzalo Escalante
18.7%
MEDFranco Fragapane
17.3%
MEDFrancisco Celeste
10.7%
DELGuido Vadala
8%
DELFrancisco Di Franco
6.7%

You're not logged in!

Compare scores with friends on all Sporcle quizzes.
OR
Log In

You Might Also Like...

Show Comments

Extras

Created Feb 21, 2014ReportNominate
Tags:Soccer Quiz, 2014, argentina, squad, team

Top Quizzes Today


Score Distribution

Your Account Isn't Verified!

In order to create a playlist on Sporcle, you need to verify the email address you used during registration. Go to your Sporcle Settings to finish the process.

Report this User

Report this user for behavior that violates our Community Guidelines.

Details: